00729nam a22002657a 4500003000400000005001700004008004100021010001600062020001000078035001400088035001300102035001400115037000900129040000600138082001500144100004500159245010600204260004300310270003500353300002500388700000300413700000300416700002600419700001800445dpl20240724113248.0240305b |||||||| |||| 00| 0 eng d aENG-140953  c87.00 aEN-124485 aEN-12448 aEN-124485 bDBAD c. a658.102654 ajadhav , abhijeet and jejeebhoy , deanna aRural Elderly And Their Quest For Health /cEdited by Abhijeet Jhadhav , Foreword by Deanna Jejeevhoy aUttar Pradesh bAuthors UPFRONT c2021 aGreater Noida bUttar Pradesh  a272.Pagesc23cm,(hb)   aSanjeev KumareAuthor aJagdish Saini